| 000 | 00697nam a2200193 4500 | ||
|---|---|---|---|
| 001 | 148810 | ||
| 003 | ES-MaACL | ||
| 005 | 20230906202823.0 | ||
| 007 | t| | ||
| 008 | 070214s1964 sp r ||||1| spa d | ||
| 100 | 1 |
_aSubirana, Antonio. _9108692 |
|
| 245 | 1 | 3 |
_aLa epilepsia como problema social / _cdiscuros leído por Antonio Subirana ; contestación de B. Rodríguez Arias. |
| 260 |
_aBarcelona : _b[s. n.], _c1964 ( _fImp. Subirana) |
||
| 300 |
_a70 p. ; _c24 cm. |
||
| 500 | _aPrecede al tít.: Real Academia de Medicina de Barcelona. | ||
| 700 | 1 |
_aRodríguez Arias, Belarmino. _998347 |
|
| 710 | 2 |
_aReal Academia de Medicina de Barcelona. _96324 |
|
| 852 |
_aES-MaACL _jC-29561 _bR.56702 |
||
| 999 |
_c148810 _d148810 |
||